000 00419nam a2200133Ia 4500
008 210210b1979 xxu||||| |||| 00| 0 eng d
082 _a305.4 INDP
100 _aINDIAN COUNCIL OF SOCIAL SCIENCE RESEARCH.
245 _aProgramme of women's studies-1 Implications of declining sex ratio in India's population.
260 _aMadras
_bAllied Publishers
_c1979
300 _a85
690 _aWomen Studies
906 _a034647
999 _c85589
_d85589